00646nam a2200181 a 450000100100000000500170001000800410002702000150006804000250008308200080010824500610011626000710017730000200024850000690026871000300033771000730036771000240044000004182520201002035757.0131018s1993 fr 000 0 spa d a2831701384 aDO-SdBNPbspacBNPHU axxx00aDirectrices sobre conservación de plantas medicinales. aGland, Suiza :bGland : IUCN ; Ginebra : OMS ; Gland : WWF,c1993. a55 p. ;c30 cm. aIncluye referencias bibliograficas y notas al pie de las paginas12aWorld Health Organization12aInternational Union for Conservation of Nature and Natural Resources12aWorld Wildlife Fund